000 00374pam a2200157a 44500
008 230515b1997 xxu||||| |||| 00| 0 eng d
020 _aNULL
041 _aENGL
082 _a621.3815/HOR
100 _aHORN D.T.
245 _aTHE MASTER HAND BOOK OF IC CIRCUITS APPLICATION
250 _aN.D.
260 _aNULL
_bMc. G
_c1997
300 _aVII 440 HB
650 _aNULL
999 _c654315
_d654315